Регионална библиотека "Любен Каравелов" - Русе

The Eagle of the Ninth (Запис номер 130410)

MARC детайли
000 -Лидер
Контролно поле с фиксирана дължина 01356nam a2200385 c 4500
003 - Код на организацията, давaща контролен номер
Контролно поле BLK
005 - Дата и час на последна редакция
Контролно поле 20240802154010.0
008 - Елементи от данни с фиксирана дължина
fixed length control field 180409b bul|||||r ||||||| ||bul||
010 ## - Наследен системен номер
LC control number KNG00136175000
020 ## - Международен стандартен номер на книга ISBN
Международен стандартен номер на книга ISBN 978-0-19-479172-4
-- издат.: Oxford Univ. Press
040 ## - Източник на каталожния запис
Идентификатор на билиотеката - собственик на записа BLK
041 ## - Код за език
Код за езика на текст/звукозапис или на отделно заглавие Английски
Код за езика КДБФ Английски
072 #7 - Код за тематичната категория
Код организация bullib
Код за тематична категория Н80
Текст Езикознание Н
080 ## - УДК
Текстов определител УДК Английски език
УДК код - определител по УДК 811.111
УДК определител (075.4)
УДК - код + определител 811.111(075.4)
080 ## - УДК
Текстов определител УДК Английска литература
УДК код - определител по УДК 821.111
УДК определител -93-91
УДК - код + определител 821.111-93-91
100 1# - Редна дума - Автор
Автор Sutcliff, Rosemary
Авторска отговорност първи автор
R(LIN) 25688
139 ## - Редно поле
Редна дума Sutcliff, Rosemary
Авторски знак Sut - S 95
245 10 - Сведения за заглавието
Заглавие The Eagle of the Ninth
Подзаглавни данни Stage 4
Редно поле (дума) Rosemary Sutcliff; retold by John Escott.
257 ## - Страна на издаване
Страна на създаване/издаване Великобритания
260 ## - Област на издателските данни
-- Oxford
Име на издателя, разпространителя и проч. Oxford Univ. Press
Година на издаване 2008
Печатница Print. in China
300 ## - Физическа характеристика
Страници 88 p.
Размери/Мащаб 20 cm
380 ## - Жанр
Жанр Езикознание. Филология
490 1# - СЕРИИ (Колекции)
Име на серия Thriller Adventure
650 #4 - Допълнително описание по предмет – тема
Основно описание – тема или топоним Английски език - текстове, адаптирани
9 (RLIN) 241528
653 ## - Ключова дума – ненормативна
Ключова дума английски език
653 ## - Ключова дума – ненормативна
Ключова дума адаптирани книги
659 ## - Тематичен бюлетин
Тематичен бюлетин Н
700 1# - Други автори (авторска отговорност)
Лично име Escott, John
Автороска отговорност (Описва отношението между автора и произведението) retold by
9 (RLIN) 9649
852 ## - Местоположение
Форматна сигнатура Цб 257056
856 4# - Електронен адрес и достъп
Електронен формат pdf - файл
Път до файла /url/
856 4# - Електронен адрес и достъп
Електронен формат pdf - файл
Път до файла /url/
942 ## - АРТИКУЛИ
Вид на библиотечния материал Книги
Скрит в OPAC Не
Koha issues (borrowed), all copies 1
944 ## - СЪЗДАВАНЕ И РЕДАКЦИЯ на ЗАПИСА
Създаване/Редакция Създаване
Дата на регистрацията/редакция 14.11.2012
Статус, дата на статуса Теодора Пейчева-Дянкова
Служител, извършил регистрацията/редакцията 30556
944 ## - СЪЗДАВАНЕ И РЕДАКЦИЯ на ЗАПИСА
Създаване/Редакция Редакция
Дата на регистрацията/редакция 16.01.2013
Статус, дата на статуса ф /
Служител, извършил регистрацията/редакцията
999 ## - СИСТЕМНИ КОНТРОЛНИ НОМЕРА
Koha biblionumber 130410
Koha biblioitemnumber 130410
Наличности
Код за отписване Код за изгубен артикул Код за повреда Коз за рестрикции Код за отдаване Артикулен № Име на библиотеката - собственик Име на библиотеката, в която се намира в момента Статус (Текущо местоположение) Дата на вписване в системата Местоположение - отдел Цена в лева Инвентарен номер Систематично азбучна сигнатура Баркод Номер на екземпляра Цена в евро Служебна бележка Служебен тип на артикула
  Не е изгубен Не е повреден без рестрикции заемане за дома 211996 Регионална библиотека "Любен Каравелов" Русе Регионална библиотека "Любен Каравелов" Русе ЧЧЗО - англ. ез. - Британски съвет 2012-11-13 ЧЧЗО - англ. ез. - Британски съвет 13.99 120000760972 Ч3 802.0/S 95 120000760972 1 7.15 Дост: DA Вид: А N: 21 Дата: 13.11.2012 Дата инв: 19.03.2015 Бележки инв: Ч32015 Книги
Vip Innovations Ltd, Rousse, Bulgaria 2025